Development planning

Bibliographic Details
Main Author: Dale, Reidar
Format: Book
Published: New Dehli : Academic Foundation , 2006
Subjects:

MARC

LEADER 00000cam a2200000 7i4500
001 0000032071
005 20120510.0
008 120510
020 |a 8171884911 
090 0 0 |a 338.9   |b DAL 
100 1 |a Dale, Reidar 
245 1 0 |a Development planning   |c Reidar Dale 
260 |a New Dehli :   |b Academic Foundation ,   |c 2006 
650 0 |a Economic development   |x planning 
999 |a 0001024418   |b Book   |c REFERENCE   |e Perbadanan Perpustakaan Awam Johor